000 00335nam a2200145Ia 4500
008 191201s2009 xx 000 0 und d
082 _a381.410
_bBAR
100 _aBADI, R.V
245 0 _aRural Marketing
250 _aRep
260 _aN.Delhi
_bHimalaya Publication House
_c2009
300 _a637
650 _aMBA
942 _2ddc
_cBK
999 _c4295
_d4295